Дело по ревизии отчета в суммах Управления попечителя Кавказского учебного округа за 1850 год

Доступно только в Электронных читальных залах Найти на картеНа карте
RUSMARC
00003621nmc2a22002413x 450
0018660aec7-b6b7-444b-874e-0f6bbb9ce025
00520260209124050.0
100##$a20250905l18511852k l0rusy0189 ca
1010#$arus
102##$aRU
105##$ay###
1222#$ad
2001#$aДело по ревизии отчета в суммах Управления попечителя Кавказского учебного округа за 1850 год
$j3 сентября 1851 г. - 11 ноября 1852 г.
215##$a69 л.
$d36,5х26 см
251##$cДело
300##$aНа бланке обложки указано: "Отделение четвертое. Стол второй"
371##$aДокумент не является опубликованным и широко распространяемым
461#0$1001a74412a3-3cc5-4d21-8f0a-dfe2fbd9e72d
$12001
$aДепартамент народного просвещения Министерства народного просвещения (1803-1917)
$1251
$cФонд
$1852
$j733
462#0$1001a6622fb3-31f3-4f49-aac3-243f6793e8d6
$12001
$aДела Департамента народного просвещения за 1818-1862 годы
$1251
$cОпись
$1852
$j113
801#0$aRU
$bРГИА
$c20250905
$gRCR
801#1$aRU
$bГлавНИВЦ
$c20250905
$2rusmarc
801#2$aRU
$bПБ им. Б.Н. Ельцина
$c20260209
$gRCR
$2rusmarc
850##$aРГИА
852##$aРГИА
$eФедеральное казенное учреждение "Российский государственный исторический архив" (РГИА)
$j129
937##$hРГИА
$d12094925
$aASBIBLIO_SCAN
035##$aRusGRCC00089084
856##$uhttp://readingroom.main.prlib.ru/item.aspx?id_node=n200390880&mode=full
Формат отображения